00446nam a2200181Ia 4500008004100000020001800041050001400059100001800073245003500091245003900126260001500165260001600180260000900196300001400205300002700219300001000246500000800256170918s9999 xx 000 0 und d a9780545081061 bL849 2007 aLong, Melinda aPirates don't change diapers / cby Melinda Long and David Shannon. aNew York : bScholastic, c2007 aunpaged : bcolored illustration ; c28cm. a570